[Event "Wch Juvenil 2010 sub16 Femenino"]
[Site "Porto Carras GRE"]
[Date "2010.10.29"]
[Round "10.7"]
[White "Wisniowska, Klaudia"]
[Black "Zmarzly, Aleksandra"]
[Result "0-1"]
[WhiteElo "2009"]
[BlackElo "2063"]
[PlyCount "58"]
[EventDate "2010.10.20"]
[EventType "swiss"]
[EventRounds "11"]
[EventCountry "GRE"]
[Source "lmi"]
[SourceDate "2010.10.20"]

1. e4 e6 2. d4 d5 3. Nc3 Nf6 4. e5 Nfd7 5. f4 c5 6. Nf3 a6 7. Be3 Qb6 8. a3 Qa7
9. Be2 Nc6 10. Bf2 b5 11. O-O cxd4 12. b4 Qc7 13. Nxd4 Bb7 14. Bd3 Nxd4 15.
Bxd4 g6 16. f5 gxf5 17. Bxf5 O-O-O 18. Bd3 Nxe5 19. Bxb5 Bd6 20. Be2 f5 21. b5
Ng4 22. bxa6 Bxh2+ 23. Kh1 Bc6 24. Nb5 Qe7 25. Rf3 e5 26. Rc3 exd4 27. Rxc6+
Kd7 28. Rc7+ Bxc7 29. Qe1 Qe5 0-1

[Event "Wch Juvenil 2010 sub16 Femenino"]
[Site "Porto Carras GRE"]
[Date "2010.10.29"]
[Round "10.10"]
[White "Lach, Aleksandra"]
[Black "Neuhauser, Salome"]
[Result "1-0"]
[WhiteElo "2206"]
[BlackElo "2064"]
[PlyCount "89"]
[EventDate "2010.10.20"]
[EventType "swiss"]
[EventRounds "11"]
[EventCountry "GRE"]
[Source "lmi"]
[SourceDate "2010.10.20"]

1. e4 c5 2. Nf3 g6 3. d4 cxd4 4. Nxd4 Nc6 5. c4 Bg7 6. Be3 Nf6 7. Nc3 O-O 8.
Be2 d6 9. Nc2 Nd7 10. f4 Nc5 11. e5 Bf5 12. O-O Ne4 13. Nxe4 Bxe4 14. exd6 Bxb2
15. Rb1 Bxc2 16. Qxc2 Bd4 17. Qe4 Bxe3+ 18. Qxe3 Qxd6 19. Rxb7 Rab8 20. c5 Qf6
21. Rc7 Rfc8 22. Rxc8+ Rxc8 23. Rd1 Qb2 24. a4 Qc2 25. Ra1 e6 26. Bb5 Nb4 27.
Rc1 Qb2 28. Qc3 Qxc3 29. Rxc3 Nd5 30. Rc4 Kf8 31. Kf2 Ke7 32. Kf3 Nf6 33. g4
Nd7 34. c6 Nb6 35. Rc2 Nd5 36. Ba6 Nb4 37. Bxc8 Nxc2 38. c7 Kd6 39. Bxe6 Kxc7
40. Bxf7 Kd6 41. Bg8 Ne1+ 42. Kf2 Nd3+ 43. Ke3 Nc5 44. Bxh7 Nxa4 45. Bxg6 1-0

[Event "Wch Juvenil 2010 sub16 Femenino"]
[Site "Porto Carras GRE"]
[Date "2010.10.29"]
[Round "10.11"]
[White "Khalaji, Hanieh"]
[Black "Chumpitaz, Ann"]
[Result "0-1"]
[WhiteElo "1947"]
[BlackElo "2150"]
[PlyCount "55"]
[EventDate "2010.10.20"]
[EventType "swiss"]
[EventRounds "11"]
[EventCountry "GRE"]
[Source "lmi"]
[SourceDate "2010.10.20"]

1. e4 c5 2. Nf3 Nc6 3. Bb5 g6 4. Bxc6 bxc6 5. O-O Bg7 6. c3 Nf6 7. Re1 O-O 8.
d3 d6 9. h3 Nd7 10. Be3 Rb8 11. Re2 Ba6 12. Rd2 Qc7 13. d4 Rfd8 14. dxc5 Nxc5
15. e5 Ne6 16. exd6 Rxd6 17. Na3 Rxd2 18. Qxd2 Rd8 19. Qc2 Bd3 20. Qa4 Qb7 21.
Qb3 Rb8 22. Qxb7 Rxb7 23. Rd1 Be2 24. Rd2 Bxf3 25. gxf3 a6 26. Nc4 Rb5 27. Rd7
Rh5 28. Kg2 0-1

[Event "Wch Juvenil 2010 sub16 Femenino"]
[Site "Porto Carras GRE"]
[Date "2010.10.29"]
[Round "10.12"]
[White "Jalabadze, Natia"]
[Black "Iwanow, Anna"]
[Result "1/2-1/2"]
[WhiteElo "2043"]
[BlackElo "2112"]
[PlyCount "104"]
[EventDate "2010.10.20"]
[EventType "swiss"]
[EventRounds "11"]
[EventCountry "GRE"]
[Source "lmi"]
[SourceDate "2010.10.20"]

1. e4 e5 2. Nf3 Nc6 3. Bb5 a6 4. Ba4 Nf6 5. d3 Bc5 6. O-O d6 7. h3 h6 8. Nc3
O-O 9. Be3 Ba7 10. Ne2 b5 11. Bb3 d5 12. Bxa7 Rxa7 13. Ng3 Re8 14. Re1 Ra8 15.
a4 Be6 16. axb5 axb5 17. Rxa8 Qxa8 18. exd5 Bxd5 19. Bxd5 Nxd5 20. d4 Nf4 21.
d5 Rd8 22. Nxe5 Rxd5 23. Qg4 Nxh3+ 24. Qxh3 Rxe5 25. Rxe5 Nxe5 26. Qf5 Qe8 27.
Ne4 Nc4 28. b3 Nd6 29. Nxd6 cxd6 30. g3 Qc6 31. Qd3 b4 32. Qd2 Qc5 33. Qe2 g6
34. Qe8+ Kg7 35. Qe4 Qc3 36. Kg2 Qd2 37. Kg1 h5 38. Kg2 Kh6 39. Qc4 Kg7 40. Qe4
Qc3 41. Kg1 Qc5 42. Kg2 Kf6 43. Kg1 d5 44. Qf3+ Ke6 45. Qe2+ Kd7 46. Qf3 f5 47.
Qd3 Ke6 48. Qa6+ Kf7 49. Qb7+ Kf6 50. Qd7 Qd4 51. Qd8+ Kg7 52. Qe7+ Kg8 1/2-1/2

[Event "Wch Juvenil 2010 sub16 Femenino"]
[Site "Porto Carras GRE"]
[Date "2010.10.29"]
[Round "10.14"]
[White "Pujari, Rucha"]
[Black "Orejuela, Chango Paulina"]
[Result "1-0"]
[WhiteElo "2090"]
[BlackElo "2037"]
[PlyCount "67"]
[EventDate "2010.10.20"]
[EventType "swiss"]
[EventRounds "11"]
[EventCountry "GRE"]
[Source "lmi"]
[SourceDate "2010.10.20"]

1. d4 d5 2. Nf3 Nf6 3. g3 e6 4. Bg2 Be7 5. O-O O-O 6. b3 b6 7. Bb2 c5 8. dxc5
bxc5 9. c4 Bb7 10. cxd5 exd5 11. e3 Nbd7 12. Nc3 Rc8 13. Qd3 Qb6 14. Rfd1 Rfd8
15. Qf5 a6 16. Rac1 Bc6 17. Nh4 g6 18. Qb1 Qb7 19. Ba1 Bf8 20. Qb2 d4 21. exd4
cxd4 22. Bxc6 Rxc6 23. Ne2 Rxc1 24. Qxc1 Rc8 25. Qf4 Rc2 26. Nxd4 Rxa2 27. Ndf3
Ne4 28. Ng5 Rxf2 29. Qxe4 Qxb3 30. Qd4 Rf6 31. Ne4 Bc5 32. Nxc5 Nxc5 33. Qd8+
Kg7 34. Bxf6+ 1-0

[Event "Wch Juvenil 2010 sub16 Femenino"]
[Site "Porto Carras GRE"]
[Date "2010.10.30"]
[Round "11.1"]
[White "Schut, Lisa"]
[Black "Ziaziulkina, Nastassia"]
[Result "1-0"]
[WhiteElo "2288"]
[BlackElo "2284"]
[PlyCount "235"]
[EventDate "2010.10.20"]
[EventType "swiss"]
[EventRounds "11"]
[EventCountry "GRE"]
[Source "lmi"]
[SourceDate "2010.10.20"]

1. e4 e5 2. Nf3 Nf6 3. Nxe5 d6 4. Nf3 Nxe4 5. Nc3 Nxc3 6. dxc3 Be7 7. Be3 Nc6
8. Qd2 Be6 9. O-O-O Qd7 10. Kb1 a6 11. Be2 Bf6 12. h4 h6 13. Nd4 Bxd4 14. Bxd4
Rg8 15. c4 O-O-O 16. Bc3 f6 17. Rhe1 Rge8 18. Qf4 Qf7 19. b3 Ne5 20. h5 Bd7 21.
Qg3 f5 22. Qf4 Nc6 23. Bf3 Rxe1 24. Rxe1 Re8 25. Rxe8+ Bxe8 26. g4 Bd7 27. Bd5
Qf8 28. Qf3 Kb8 29. gxf5 Bxf5 30. Kb2 Qc8 31. Bxg7 Bg4 32. Qf4 Bxh5 33. Qxh6
Qf5 34. Be6 Qf3 35. Qh8+ Ka7 36. Bd4+ Nxd4 37. Qxd4+ c5 38. Qh4 Bg6 39. Qg4
Qf6+ 40. Kb1 Bh7 41. Qe2 Qc3 42. Bd5 Bf5 43. Bg2 a5 44. Be4 Bxe4 45. Qxe4 a4
46. Qe3 Qg7 47. a3 Qg6 48. b4 Qg1+ 49. Kb2 Qg7+ 50. Qc3 Qg5 51. Qe3 Qg7+ 52.
Ka2 Qf7 53. Qe2 b5 54. Kb2 bxc4 55. bxc5 dxc5 56. Qe3 Qf6+ 57. Ka2 Kb6 58. f4
c3 59. Qe4 Qd4 60. Qe6+ Ka5 61. f5 Qd2 62. Qe4 Qc1 63. Qa8+ Kb6 64. Qd8+ Kb5
65. Qd3+ Kb6 66. Qxc3 Qf4 67. Qd3 Kc6 68. f6 c4 69. Qg6 c3 70. Qe8+ Kc5 71.
Qe7+ Kd5 72. Qd7+ Kc5 73. Qc8+ Kd4 74. Qc6 Qf5 75. Qxa4+ Ke3 76. Kb3 Qxf6 77.
Qc4 Qb6+ 78. Kxc3 Qf6+ 79. Kb3 Qb6+ 80. Qb4 Qe6+ 81. Kb2 Ke2 82. a4 Qf6+ 83.
Qc3 Qb6+ 84. Qb3 Qf6+ 85. Ka2 Kd2 86. c3 Qd8 87. Kb2 Qd3 88. a5 Ke1 89. Ka3 Qa6
90. Qb4 Kd1 91. c4 Kc2 92. Qb3+ Kd2 93. Qb2+ Kd3 94. Qb5 Qf6 95. c5+ Kc2 96.
Qc4+ Kd2 97. Ka4 Qc6+ 98. Qb5 Qe6 99. Qb4+ Kc2 100. Kb5 Qe8+ 101. c6 Qb8+ 102.
Ka4 Qc7 103. Qc5+ Kd3 104. Kb5 Qb8+ 105. Qb6 Qg8 106. Qc5 Qb8+ 107. Ka4 Qf4+
108. Qb4 Qc7 109. Qb5+ Kc3 110. Qc5+ Kd3 111. a6 Qc8 112. Qd6+ Kc4 113. Qb4+
Kd3 114. Qb5+ Kc3 115. a7 Qg4+ 116. Ka5 Qg8 117. Ka6 Qc8+ 118. Kb6 1-0

[Event "Wch Juvenil 2010 sub16 Femenino"]
[Site "Porto Carras GRE"]
[Date "2010.10.30"]
[Round "11.2"]
[White "Arabidze, Meri"]
[Black "Nguyen, Thi Mai Hung"]
[Result "0-1"]
[WhiteElo "2288"]
[BlackElo "2258"]
[PlyCount "88"]
[EventDate "2010.10.20"]
[EventType "swiss"]
[EventRounds "11"]
[EventCountry "GRE"]
[Source "lmi"]
[SourceDate "2010.10.20"]

1. d4 d5 2. c4 e6 3. Nf3 f5 4. g3 Nf6 5. Bg2 c6 6. O-O Bd6 7. b3 Qe7 8. a4 a5
9. Ba3 Bxa3 10. Nxa3 O-O 11. Ne5 b6 12. Qc2 Bb7 13. Rfc1 Na6 14. Qb2 Rac8 15.
e3 Rfd8 16. cxd5 cxd5 17. Nb5 Qf8 18. Bf1 Nb4 19. Na7 Ra8 20. Nb5 Rac8 21. Rc7
Rxc7 22. Nxc7 Qe7 23. Rc1 Nd7 24. Nb5 Nxe5 25. dxe5 Rc8 26. Nd6 Rc7 27. Bb5 Ba6
28. Rc3 Rc5 29. Rxc5 bxc5 30. Qe2 Bb7 31. Be8 Ba6 32. Bb5 Bb7 33. Be8 Ba6 34.
Qh5 Bd3 35. Bf7+ Kh8 36. Bg6 h6 37. Be8 c4 38. bxc4 dxc4 39. Qg6 c3 40. Nf7+
Kg8 41. Nxh6+ Kf8 42. Qh7 Kxe8 43. Qg8+ Kd7 44. Qb8 gxh6 0-1

[Event "Wch Juvenil 2010 sub16 Femenino"]
[Site "Porto Carras GRE"]
[Date "2010.10.30"]
[Round "11.3"]
[White "Danelia, Mariam"]
[Black "Hakimifard, Ghazal"]
[Result "1/2-1/2"]
[WhiteElo "2213"]
[BlackElo "2173"]
[PlyCount "226"]
[EventDate "2010.10.20"]
[EventType "swiss"]
[EventRounds "11"]
[EventCountry "GRE"]
[Source "lmi"]
[SourceDate "2010.10.20"]

1. d4 Nf6 2. c4 c5 3. d5 e5 4. Nc3 d6 5. e4 g6 6. h3 Bg7 7. Be3 Na6 8. a3 O-O
9. Bd3 h5 10. Rb1 Nc7 11. b4 b6 12. Nge2 Nh7 13. Qd2 Bf6 14. Nc1 Bg5 15. Bxg5
Nxg5 16. h4 Nh7 17. Nb3 Ne8 18. Kd1 Bd7 19. Kc2 Rc8 20. b5 Nc7 21. a4 a6 22.
Qe2 Ra8 23. Ra1 Ra7 24. a5 Ne8 25. axb6 Qxb6 26. Na4 Qb8 27. Rhb1 axb5 28. cxb5
Nc7 29. Nc3 Rxa1 30. Rxa1 Rc8 31. Bc4 f5 32. Na5 fxe4 33. Nc6 Bxc6 34. dxc6+
Kg7 35. Rd1 Rd8 36. Nxe4 d5 37. Nxc5 Re8 38. Nd7 Qa8 39. Bb3 Qa5 40. b6 Nb5 41.
Qe1 Nd4+ 42. Kb2 Nxb3 43. Kxb3 Qb5+ 44. Qb4 Qxc6 45. b7 Qxd7 46. b8=Q Rxb8 47.
Qxb8 e4 48. Rc1 Qe6 49. Qa7+ Kg8 50. Qb7 Nf8 51. Rc8 e3 52. fxe3 d4+ 53. Kb2
dxe3 54. Qb3 Qxb3+ 55. Kxb3 Kf7 56. Kc2 Ne6 57. Rc4 Ng7 58. Kd3 Nf5 59. Ke2 Kf6
60. Kf3 Ke5 61. Ra4 Kf6 62. Ra6+ Kf7 63. g3 Kg7 64. Kf4 Kf7 65. Ra7+ Kf6 66.
Ra6+ Kf7 67. Ra4 Kf6 68. Re4 Kf7 69. Kg5 Nxg3 70. Rxe3 Nf5 71. Ra3 Ne7 72. Ra6
Kg7 73. Rf6 Kg8 74. Kh6 Kh8 75. Re6 Nf5+ 76. Kxg6 Nxh4+ 77. Kxh5 Nf3 78. Kg6
Nh4+ 79. Kg5 Nf3+ 80. Kg6 Nh4+ 81. Kf7 Kh7 82. Re4 Nf5 83. Re1 Kh6 84. Kf6 Nh4
85. Re3 Kh5 86. Rg3 Kh6 87. Rg8 Kh5 88. Rg5+ Kh6 89. Ra5 Nf3 90. Ra3 Nh4 91.
Ra8 Kh5 92. Rg8 Nf3 93. Rg3 Nh4 94. Rb3 Kg4 95. Rb4+ Kg3 96. Kg5 Nf3+ 97. Kf5
Nh4+ 98. Ke4 Kg4 99. Rb8 Kg5 100. Rb1 Ng6 101. Rf1 Nh4 102. Rg1+ Kf6 103. Rh1
Kg5 104. Rf1 Ng6 105. Rf5+ Kg4 106. Rf1 Kg5 107. Rg1+ Kf6 108. Rg2 Nh4 109. Rg1
Ng6 110. Rb1 Kg5 111. Rb6 Nh4 112. Rb5+ Kg4 113. Rb4 Kg5 1/2-1/2

[Event "Wch Juvenil 2010 sub16 Femenino"]
[Site "Porto Carras GRE"]
[Date "2010.10.30"]
[Round "11.5"]
[White "Schulz, Anja"]
[Black "Phan, Nguyen Mai Chi"]
[Result "0-1"]
[WhiteElo "2052"]
[BlackElo "2106"]
[PlyCount "112"]
[EventDate "2010.10.20"]
[EventType "swiss"]
[EventRounds "11"]
[EventCountry "GRE"]
[Source "lmi"]
[SourceDate "2010.10.20"]

1. e4 c5 2. Nf3 d6 3. d4 cxd4 4. Nxd4 Nf6 5. Nc3 a6 6. h3 e5 7. Nde2 Be7 8. g4
b5 9. Bg2 Bb7 10. O-O b4 11. Nd5 Nxd5 12. exd5 O-O 13. Ng3 Bg5 14. Nf5 Bxc1 15.
Qxc1 Bc8 16. Kh2 Bxf5 17. gxf5 Nd7 18. Be4 Qh4 19. f3 Nf6 20. Rg1 Kh8 21. Qe1
Qxe1 22. Raxe1 Rfc8 23. Re2 Rc5 24. Reg2 g6 25. fxg6 fxg6 26. Rd2 Rac8 27. Rgg2
Ra5 28. b3 Rc3 29. Rgf2 Rxa2 30. Bd3 a5 31. Be4 Kg7 32. Rfe2 Nh5 33. Rf2 Nf4
34. Kg3 Ra1 35. Kh2 Kh6 36. Kg3 Rg1+ 37. Kh2 Rc1 38. Kg3 Re3 39. Rh2 Ree1 40.
h4 Kh5 41. Kf2 Rh1 42. Rxh1 Rxh1 43. Ke3 Kxh4 44. c4 Kg3 45. Rc2 Re1+ 46. Kd2
Re2+ 47. Kd1 Rxc2 48. Kxc2 h5 49. c5 dxc5 50. d6 Ne6 51. Bxg6 h4 52. Bf5 Nd8
53. Kd3 h3 54. Bxh3 Kxh3 55. Kc4 Kg3 56. Kxc5 Kxf3 0-1

[Event "Wch Juvenil 2010 sub16 Femenino"]
[Site "Porto Carras GRE"]
[Date "2010.10.30"]
[Round "11.6"]
[White "Zmarzly, Aleksandra"]
[Black "Ainutdinova, Yekaterina"]
[Result "1-0"]
[WhiteElo "2063"]
[BlackElo "1999"]
[PlyCount "59"]
[EventDate "2010.10.20"]
[EventType "swiss"]
[EventRounds "11"]
[EventCountry "GRE"]
[Source "lmi"]
[SourceDate "2010.10.20"]

1. e4 e5 2. Nf3 Nc6 3. Bb5 a6 4. Bxc6 dxc6 5. O-O Qd6 6. Na3 Be6 7. Qe2 f6 8.
c3 Bg4 9. Rd1 O-O-O 10. d4 Qe6 11. Nc2 Bd6 12. b4 Re8 13. Re1 f5 14. exf5 Qd7
15. dxe5 Bxf3 16. Qxf3 Rxe5 17. Rxe5 Bxe5 18. Bg5 Nf6 19. Rd1 Qf7 20. Qd3 Bd6
21. Bxf6 gxf6 22. Nd4 Rg8 23. a4 Qh5 24. g3 Qg4 25. b5 c5 26. bxa6 cxd4 27. a7
Kd7 28. Qb5+ Ke7 29. Re1+ Kf7 30. Qd7+ 1-0

[Event "Wch Juvenil 2010 sub16 Femenino"]
[Site "Porto Carras GRE"]
[Date "2010.10.30"]
[Round "11.7"]
[White "Ibrahimova, Sabina Oqtay"]
[Black "Lach, Aleksandra"]
[Result "1-0"]
[WhiteElo "2029"]
[BlackElo "2206"]
[PlyCount "79"]
[EventDate "2010.10.20"]
[EventType "swiss"]
[EventRounds "11"]
[EventCountry "GRE"]
[Source "lmi"]
[SourceDate "2010.10.20"]

1. e4 c5 2. Nf3 e6 3. d4 cxd4 4. Nxd4 a6 5. Bd3 Nf6 6. O-O e5 7. Nb3 d6 8. Nc3
Be7 9. f4 O-O 10. Qe1 Nbd7 11. Kh1 b5 12. a3 Re8 13. fxe5 dxe5 14. Bd2 Bb7 15.
Rd1 Qc7 16. Rf3 Nb6 17. Na5 Bc8 18. h3 Rb8 19. Qf2 Be6 20. b4 Red8 21. Re1 Rd7
22. Rf1 Rc8 23. Be3 Nc4 24. Bxc4 bxc4 25. Bb6 Qb8 26. Re1 Nh5 27. Be3 Bd8 28.
Na4 Bxa5 29. bxa5 Rcd8 30. Bb6 Re8 31. Nc5 Rd6 32. Nxa6 Qb7 33. Nc5 Qe7 34.
Nxe6 Qxe6 35. Be3 c3 36. Rf1 Nf6 37. Qh4 Qc4 38. Kh2 Rf8 39. Rxf6 Rxf6 40. Rxf6
1-0

[Event "Wch Juvenil 2010 sub16 Femenino"]
[Site "Porto Carras GRE"]
[Date "2010.10.30"]
[Round "11.8"]
[White "Chumpitaz, Ann"]
[Black "Pujari, Rucha"]
[Result "1-0"]
[WhiteElo "2150"]
[BlackElo "2090"]
[PlyCount "120"]
[EventDate "2010.10.20"]
[EventType "swiss"]
[EventRounds "11"]
[EventCountry "GRE"]
[Source "lmi"]
[SourceDate "2010.10.20"]

1. e4 c5 2. Nf3 g6 3. d4 cxd4 4. Nxd4 Nf6 5. Nc3 Nc6 6. Be3 Bg7 7. Bc4 O-O 8.
Bb3 d6 9. f3 Bd7 10. Qd2 a6 11. g4 Nxd4 12. Bxd4 Be6 13. h4 h5 14. Bxf6 exf6
15. gxh5 gxh5 16. O-O-O f5 17. Rdg1 Qf6 18. Rg5 Kh7 19. Rxh5+ Bh6 20. exf5 Bxf5
21. Nd5 Qg6 22. Rg5 Rae8 23. Kb1 Qe6 24. Qc3 f6 25. Nc7 Qe5 26. Nxe8 Qxc3 27.
bxc3 fxg5 28. hxg5 Rxe8 29. Rxh6+ Kg7 30. Rxd6 Re3 31. Rb6 Bc8 32. Bd5 Re7 33.
Be4 Rc7 34. Kb2 Kf8 35. f4 Rf7 36. g6 Rxf4 37. Bxb7 Bf5 38. Bxa6 Rf2 39. Rf6+
Kg7 40. Rxf5 Rxf5 41. Bd3 Rf4 42. Kb3 Kf6 43. a4 Ke7 44. c4 Kd6 45. a5 Rg4 46.
Kc3 Kc7 47. Kd2 Rg5 48. a6 Re5 49. Kc3 Re7 50. Kd4 Kb6 51. c5+ Kc7 52. Kd5 Kd8
53. Kd6 Rc7 54. Bf5 Ra7 55. c6 Rg7 56. Be6 Rc7 57. Bf7 Rd7+ 58. Kc5 Rc7 59. g7
Rxf7 60. g8=Q+ Ke7 1-0

[Event "Wch Juvenil 2010 sub16 Femenino"]
[Site "Porto Carras GRE"]
[Date "2010.10.30"]
[Round "11.10"]
[White "Iwanow, Anna"]
[Black "Imeeva, Aisa"]
[Result "1/2-1/2"]
[WhiteElo "2112"]
[BlackElo "2059"]
[PlyCount "107"]
[EventDate "2010.10.20"]
[EventType "swiss"]
[EventRounds "11"]
[EventCountry "GRE"]
[Source "lmi"]
[SourceDate "2010.10.20"]

1. e4 e5 2. Nf3 Nc6 3. Bb5 a6 4. Ba4 Nf6 5. O-O Be7 6. Re1 b5 7. Bb3 d6 8. c3
O-O 9. h3 Na5 10. Bc2 c5 11. d4 Qc7 12. Nbd2 Bd7 13. Nf1 Rfc8 14. Ne3 Bf8 15.
b3 Nc6 16. Nd5 Qb7 17. dxc5 dxc5 18. Nxf6+ gxf6 19. Nh2 Bg7 20. Qh5 Ne7 21. f4
exf4 22. Bxf4 Ng6 23. Be3 Re8 24. Nf3 Bc6 25. Bxc5 Bxe4 26. Bxe4 Rxe4 27. Rxe4
Qxe4 28. Re1 Qc2 29. Bd4 Qxa2 30. b4 Rd8 31. Qg4 Qd5 32. h4 h5 33. Qg3 Qd6 34.
Qf2 Ne5 35. Bxe5 fxe5 36. Ng5 Qg6 37. Qe2 Rc8 38. Qd2 Bf6 39. Rf1 Rd8 40. Qa2
Bxg5 41. hxg5 Qxg5 42. Qxa6 Rd2 43. Qa8+ Kg7 44. Qf3 Qg6 45. Re1 Rd3 46. Qb7
Rd2 47. Qf3 f6 48. Ra1 Qg4 49. Qb7+ Kg6 50. Qa8 e4 51. Qg8+ Kh6 52. Qh8+ Kg5
53. Qg7+ Kh4 54. Qxf6+ 1/2-1/2

[Event "Wch Juvenil 2010 sub16 Femenino"]
[Site "Porto Carras GRE"]
[Date "2010.10.30"]
[Round "11.11"]
[White "Aflalo, Sophie"]
[Black "Gagare, Shalmali"]
[Result "0-1"]
[WhiteElo "2051"]
[BlackElo "2110"]
[PlyCount "63"]
[EventDate "2010.10.20"]
[EventType "swiss"]
[EventRounds "11"]
[EventCountry "GRE"]
[Source "lmi"]
[SourceDate "2010.10.20"]

1. e4 c5 2. Nf3 g6 3. d4 cxd4 4. Nxd4 Bg7 5. Be3 Nf6 6. Nc3 Nc6 7. Bc4 O-O 8.
Bb3 a5 9. f3 d5 10. Bxd5 Nxd5 11. exd5 Nb4 12. Nde2 e6 13. d6 Ra6 14. Nb5 Bd7
15. Nec3 Qh4+ 16. g3 Qc4 17. a4 Rd8 18. Na3 Bxc3+ 19. Kf2 Qc6 20. bxc3 Nd5 21.
Bd4 Qxd6 22. Nc4 Qc7 23. Ne5 f6 24. Ng4 Rd6 25. c4 Qxc4 26. Bxf6 Rc8 27. c3 h5
28. Nh6+ Kh7 29. Nf7 Rb6 30. Bh4 Rb2+ 31. Kg1 Qxc3 32. Ra3 0-1

[Event "Wch Juvenil 2010 sub16 Femenino"]
[Site "Porto Carras GRE"]
[Date "2010.10.30"]
[Round "11.12"]
[White "Bea, Boglarka"]
[Black "Jalabadze, Natia"]
[Result "0-1"]
[WhiteElo "2109"]
[BlackElo "2043"]
[PlyCount "64"]
[EventDate "2010.10.20"]
[EventType "swiss"]
[EventRounds "11"]
[EventCountry "GRE"]
[Source "lmi"]
[SourceDate "2010.10.20"]

1. e4 c5 2. Nf3 d6 3. d4 cxd4 4. Nxd4 Nf6 5. Nc3 Nc6 6. Be2 e5 7. Nf3 h6 8. h3
Be7 9. O-O O-O 10. Re1 Be6 11. Bf1 Nb8 12. b3 Nbd7 13. Bb2 a6 14. a4 Rc8 15.
Nd2 Qc7 16. Nc4 Rfd8 17. a5 Nf8 18. Nb6 Rb8 19. g3 N8d7 20. Nc4 Nf8 21. Ne3 Ng6
22. Ned5 Nxd5 23. Nxd5 Bxd5 24. exd5 Nf8 25. Bd3 Qd7 26. Qh5 Re8 27. Ra4 Nh7
28. Rg4 Nf6 29. Rxe5 Nxh5 30. Rxh5 Bg5 31. Rgxg5 hxg5 32. Rxg5 Qxh3 0-1

[Event "Wch Juvenil 2010 sub16 Femenino"]
[Site "Porto Carras GRE"]
[Date "2010.10.30"]
[Round "11.14"]
[White "Eid, Maha"]
[Black "Wisniowska, Klaudia"]
[Result "1/2-1/2"]
[WhiteElo "2065"]
[BlackElo "2009"]
[PlyCount "83"]
[EventDate "2010.10.20"]
[EventType "swiss"]
[EventRounds "11"]
[EventCountry "GRE"]
[Source "lmi"]
[SourceDate "2010.10.20"]

1. d4 Nf6 2. Nf3 g6 3. c4 Bg7 4. Nc3 O-O 5. e4 d6 6. Be2 e5 7. O-O Nc6 8. d5
Ne7 9. g3 Nd7 10. Nh4 a5 11. Qc2 Nc5 12. Na4 Nxa4 13. Qxa4 f5 14. exf5 Nxf5 15.
Nxf5 Bxf5 16. Be3 b6 17. Qd1 h5 18. Qd2 Bh3 19. Rfe1 Qf6 20. Bf1 Bf5 21. Bg2
Kh7 22. Bg5 Qf7 23. Rac1 Bf6 24. Be3 Rh8 25. h4 Ra7 26. b3 Bg7 27. a3 Rha8 28.
Bg5 Qd7 29. Kh2 Re8 30. Be4 Qf7 31. Kg2 Rf8 32. Rc3 Raa8 33. f3 Qd7 34. Qc2 Rf7
35. Rc1 Raf8 36. b4 axb4 37. axb4 Bh6 38. Bxh6 Kxh6 39. Ra3 Bxe4 40. Qxe4 Qf5
41. Re1 Rg8 42. Qxf5 1/2-1/2